00232nam a2200097Ia 4500008004100000082001600041100001400057245004500071260000900116650000900125221030s9999 xx 000 0 und d a105.23bMBA aB. Render 0aQuantitative Analysis for ManagementbCD c2005 aBook